| 000 | 00540cam a2200193 a 4500 | ||
|---|---|---|---|
| 001 | 000001515 | ||
| 005 | 20200929145614.0 | ||
| 008 | 771220s1967 sp b 000 f spa | ||
| 020 | _a8422505916 | ||
| 040 |
_aDO-SdBNP _bspa _cBNPHU |
||
| 082 |
_a863.44 _bM491b |
||
| 100 | 1 |
_aMedio, Dolores. _d1911-1996. _95001 |
|
| 245 | 1 | 0 | _aBibiana. |
| 260 |
_aBarcelona : _bDestino, _c1967. |
||
| 300 |
_a345 p. ; _c19 cm. |
||
| 490 | 0 |
_aÁncora y Delfín _vno. 288 |
|
| 650 | 4 |
_aNovela española _91123 |
|
| 650 | 4 |
_aLiteratura española _ySIGLO XXI _94846 |
|
| 999 |
_c1419 _d1419 |
||